000
00259nam a22001217a 4500
008
181106b xxu||||| |||| 00| 0 eng d
041
_a
eng
080
_a
159.9
100
_a
48
101
_a
PSI
245
_a
The Psychiatrists
_c
Rogow,A.A
942
_2
udc
_c
BK
999
_c
51976
_d
51976